|
|
|
|
| LEADER |
00000naa2a2200000 4500 |
| 001 |
624263 |
| 005 |
20231101133314.0 |
| 035 |
|
|
|a (RuTPU)RU\TPU\conf\23508
|
| 035 |
|
|
|a RU\TPU\conf\23507
|
| 090 |
|
|
|a 624263
|
| 100 |
|
|
|a 20171113d2017 k y0rusy50 ca
|
| 101 |
0 |
|
|a rus
|
| 102 |
|
|
|a RU
|
| 105 |
|
|
|a y z 101zy
|
| 135 |
|
|
|a drgn ---uucaa
|
| 181 |
|
0 |
|a i
|
| 182 |
|
0 |
|a b
|
| 200 |
1 |
|
|a Результаты разработки и внедрения цифровой аппаратуры для радиационного неразрушающего контроля в АО "ФНПЦ "Алтай"
|f А. А. Скоков [и др.]
|
| 203 |
|
|
|a Текст
|c электронный
|
| 225 |
1 |
|
|a Методы и средства неразрушающего контроля
|
| 230 |
|
|
|a 1 компьютерный файл (pdf; 573 Kb)
|
| 300 |
|
|
|a Заглавие с титульного экрана
|
| 320 |
|
|
|a [Библиогр.: с. 58-59 (2 назв.)]
|
| 463 |
|
1 |
|0 (RuTPU)RU\TPU\conf\23467
|t Инновации в неразрушающем контроле (SibTest 2017)
|o сборник тезисов IV международной конференции, Новосибирск, 27-30 июня 2017 г.
|f Национальный исследовательский Томский политехнический университет (ТПУ) ; под ред. А. В. Юрченко
|v [С. 58-59]
|d 2017
|
| 610 |
1 |
|
|a электронные ресурсы
|
| 610 |
1 |
|
|a неразрушающий контроль
|
| 610 |
1 |
|
|a гамма-излучения
|
| 610 |
1 |
|
|a высокоэнергетические устройства
|
| 610 |
1 |
|
|a программное управление
|
| 610 |
1 |
|
|a бетатроны
|
| 701 |
|
1 |
|a Скоков
|b А. А.
|g Алексей Александрович
|
| 701 |
|
1 |
|a Карих
|b В. П.
|g Владимир Петрович
|
| 701 |
|
1 |
|a Вьюшков
|b А. В.
|g Алексей Владимирович
|
| 701 |
|
1 |
|a Охотников
|b А. А.
|g Александр Александрович
|
| 701 |
|
1 |
|a Привалов
|b Г. А.
|g Георгий Алексеевич
|
| 801 |
|
2 |
|a RU
|b 63413507
|c 20171220
|g RCR
|
| 856 |
4 |
|
|u http://earchive.tpu.ru/handle/11683/43995
|
| 942 |
|
|
|c BK
|